Bibliografía sobre recursos hidrobiológicos de la República Dominicana / (Registro nro. 7633)

Detalles MARC
000 -LIDER
fixed length control field 01194nam a2200337 a 4500
001 - NÚMERO DE CONTROL
Identificador de número de control 000026353
003 - IDENTIFICACDOR DE NÚMERO DE CONTROL
control field DO-SdBNP
005 - DATE AND TIME OF LATEST TRANSACTION
control field 20180214094059.0
007 - CAMPOS FIJOS DE DESCRIPCIÓN FÍSICA
fixed length control field 000026353
008 - ELEMENTOS DE LONGITUD FIJA
fixed length control field 110314s1979 dr b 001 0 spa d
040 ## - FUENTE DE CATALOGACIÓN
Agencia que crea de manera original el registro BPMET
Idioma de catalogación spa
Agencia que realiza la transcripción BPMET
092 ## - LOCALLY ASSIGNED DEWEY DECIMAL CALL NUMBER
Número de clasificación R 016.57877
Número de ítem (Cutter) A452b
100 1# - ASIENTO PRINCIPAL -- NOMBRE PERSONAL
Nombre personal Almonte C., Narciso
245 10 - MENCIÓN DE TITULO
Título Bibliografía sobre recursos hidrobiológicos de la República Dominicana /
Mención de responsabilidad Narciso Almonte C., Francisco Xavier Arnemann.
260 ## - PUBLICACIÓN, DISTRIBUCIÓN, ETC. (PIE DE IMPRENTA)
Lugar de publicación, distribución, etc Santo Domingo :
Nombre del editor, distribuidor, etc. INDOTEC,
Fecha de publicación, distribución, etc 1979.
300 ## - DESCRIPCIÓN FÍSICA
Extensión 64 p. ;
Dimensiones 23 cm.
490 1# - MENCIÓN DE SERIES
Mención de serie Monografías
Volume/sequential designation 1
650 #4 - ENCABEZAMIENTO DE MATERIA--TEMÁTICO
Término temático o nombre geográfico como elemento de entrada BIOLOGÍA DE AGUA DULCE
Subdivisión de forma BIBLIOGRAFÍAS
650 #4 - ENCABEZAMIENTO DE MATERIA--TEMÁTICO
Término temático o nombre geográfico como elemento de entrada BIOLOGÍA MARINA
Subdivisión de forma BIBLIOGRAFÍAS
700 12 - ASIENTO SECUNDARIO -- NOMBRE PERSONAL
Nombre personal Arnemann, Francisco Xavier
710 12 - ASIENTO SECUNDARIO -- NOMBRE CORPORATIVO
Nombre corporativo o de jurisdicción Instituto Dominicano de Tecnología Industrial (INDOTEC)
830 #0 - ASIENTO SECUNDARIO DE SERIE--TÍTULO UNIFORME
Título uniforme Monografías
Número de la parte o sección de una obra 1
910 ## - VALIDACIÓN
Validación Validado. Control de calidad EMS
930 #1 - EQUIVALENCE OR CROSS-REFERENCE-UNIFORM TITLE HEADING [LOCAL, CANADA]
Language of a work BND01
Medium of performance for music LF1
Medium R 016.57877
Field link and sequence number 20130704
Date of a work 04
Name of part/section of a work HD
Miscellaneous information 37686
942 ## - ADDED ENTRY ELEMENTS (KOHA)
Source of classification or shelving scheme Dewey Decimal Classification
Koha item type Libros
945 ## - INFORMACIÓN DE PROCESAMIENTO LOCAL
Información de procesamiento local inventariado, 2018 / dg
956 ## - LOCAL ELECTRONIC LOCATION AND ACCESS (OCLC)
Nombre de host YPOLANCO
Número de acceso 10
Información de compresión 20110314
Inicio de sesión BND01
Procesador de solicitud 1547
956 ## - LOCAL ELECTRONIC LOCATION AND ACCESS (OCLC)
Nombre de host VMATEO
Número de acceso 10
Información de compresión 20110322
Inicio de sesión BND01
Procesador de solicitud 1115
956 ## - LOCAL ELECTRONIC LOCATION AND ACCESS (OCLC)
Nombre de host ARIVERA
Número de acceso 10
Información de compresión 20130415
Inicio de sesión BND01
Procesador de solicitud 1529
956 ## - LOCAL ELECTRONIC LOCATION AND ACCESS (OCLC)
Nombre de host EMARRERO
Número de acceso 40
Información de compresión 20140504
Inicio de sesión BND01
Procesador de solicitud 1654
Existencias
Withdrawn status Lost status Source of classification or shelving scheme Damaged status Not for loan Home library Current library Date acquired Total Checkouts Barcode Date last seen Price effective from Koha item type
    Dewey Decimal Classification     Biblioteca Pública Metropolitana Salomé Ureña Biblioteca Pública Metropolitana Salomé Ureña 04/15/2015   BPMSU15041251 04/15/2015 04/15/2015 Libros